All 5k+ cities in Tennessee on a map - Statistics

General Stats
  • This quiz has been taken 13 times
  • The average score is 38 of 104
Answers on the Map
Answers color-coded by a green-red scale on the quiz's map according to % correct below.
 
Answer Stats
City Population % Correct
Knoxville 190,740
100%
Memphis 633,104
100%
Nashville 689,447
100%
Chattanooga 181,099
90%
Clarksville 166,722
90%
Murfreesboro 152,769
90%
Franklin 83,454
80%
Jackson 68,205
80%
Johnson City 71,046
80%
Cleveland 47,356
70%
Pigeon Forge 6,343
70%
Bristol 27,147
60%
Henderson 6,308
60%
Kingsport 55,442
60%
McMinnville 13,788
60%
Oak Ridge 31,402
60%
Springfield 18,782
60%
Crossville 12,071
50%
Dyersburg 16,164
50%
Farragut 23,506
50%
Gallatin 44,431
50%
Hendersonville 61,753
50%
Maryville 31,907
50%
Smyrna 53,070
50%
Spring Hill 50,005
50%
Union City 11,170
50%
Bartlett 57,786
40%
Brentwood 45,373
40%
Clinton 10,056
40%
Columbia 41,690
40%
Cookeville 34,842
40%
Germantown 41,333
40%
Greeneville 15,479
40%
Lebanon 38,431
40%
Manchester 12,212
40%
Martin 10,825
40%
Morristown 30,431
40%
Mount Juliet 39,289
40%
Paris 10,316
40%
Portland 13,156
40%
Tullahoma 20,339
40%
Ashland City 5,193
30%
Athens 14,084
30%
Brownsville 9,788
30%
Collegedale 11,109
30%
Collierville 51,324
30%
Covington 8,663
30%
Dickson 16,058
30%
East Ridge 22,167
30%
Elizabethton 14,546
30%
Fairview 9,357
30%
Fayetteville 7,068
30%
Hartsville 11,615
30%
Kingston 5,953
30%
La Vergne 38,719
30%
Lawrenceburg 11,633
30%
Lenoir City 10,117
30%
Lewisburg 12,288
30%
Loudon 5,991
30%
Lynchburg 6,461
30%
McKenzie 5,529
30%
Milan 8,171
30%
Millington 10,582
30%
Newport 6,868
30%
Shelbyville 23,557
30%
Signal Mountain 8,852
30%
Soddy-Daisy 13,070
30%
White House 12,982
30%
Winchester 9,375
30%
Alcoa 10,978
20%
Arlington 14,549
20%
Atoka 10,008
20%
Bolivar 5,205
20%
Dayton 7,065
20%
Forest Hills 5,038
20%
Goodlettsville 17,789
20%
Greenbrier 6,898
20%
Humboldt 7,874
20%
Jefferson City 8,419
20%
Lakeland 13,904
20%
Lexington 7,956
20%
Millersville 6,299
20%
Munford 6,302
20%
Nolensville 13,829
20%
Oakland 8,936
20%
Pulaski 8,397
20%
Red Bank 11,899
20%
Ripley 7,800
20%
Sevierville 17,889
20%
Smithville 5,004
20%
Thompson's Station 7,485
20%
Dunlap 5,357
10%
Erwin 6,083
10%
Harriman 5,892
10%
Jonesborough 5,860
10%
Lafayette 5,584
10%
LaFollette 7,430
10%
Madisonville 5,132
10%
Medina 5,126
10%
Rockwood 5,444
10%
Savannah 7,213
10%
Sweetwater 6,312
10%
Church Hill 6,998
0%
Mount Carmel 5,473
0%
No matching quizzes found
Score Distribution
Percent of People with Each Score
Percentile by Number Answered
Your Score History
You have not taken this quiz